Normal view
MARC view
Entry Topical Term
001 - CONTROL NUMBER
- control field: 31240
003 - CONTROL NUMBER IDENTIFIER
- control field: OSt
005 - DATE AND TIME OF LATEST TRANSACTION
- control field: 20260625122918.0
008 - FIXED-LENGTH DATA ELEMENTS
- fixed length control field: 260625|| aca||aabn | a|a d
040 ## - CATALOGING SOURCE
- Original cataloging agency: OSt
- Transcribing agency: OSt
150 ## - HEADING--TOPICAL TERM
- Topical term or geographic name entry element: Reading, Psychology of
670 ## - SOURCE DATA FOUND
- Source citation: Work cat.: (OSt)25231: Wolfe, Patricia 31238, Building the Reading Brain,prek-3, 2004
